10 Closest Countries to the UK - Statistics

General Stats
  • This quiz has been taken 84 times
  • The average score is 9 of 10
Answer Stats
Miles Kilometres Country % Correct
421.9mi 679km France
99%
326.9mi 526.1km Ireland
99%
257.3mi 414.1km Netherlands
94%
249.3mi 401.3km Belgium
93%
485.5mi 679.7km Germany
93%
507.6mi 817km Denmark
89%
539.9mi 868.9km Switzerland
86%
336.5mi 541.6km Luxembourg
83%
663.3mi 1067.5km Andorra
62%
570mi 917.3km Liechtenstein
59%
No matching quizzes found
Score Distribution
Percent of People with Each Score
Percentile by Number Answered
Your Score History
You have not taken this quiz